Statistics for Vanessa Kirby Filmography

Click here to take the quiz!

General Stats

  • This quiz has been taken 8 times
    (5 since last reset)
  • The average score is 24 of 48

Answer Stats

TypeYearName% Correct
Theater2018Julie
80%
Film2023Mission: Impossible - Dead Reckoning - Part One
80%
Film2024Mission: Impossible - Dead Reckoning - Part Two
80%
Film2018Mission: Impossible - Fallout
80%
FilmTBANapoleon
80%
Film2020Pieces of a Woman
80%
Web Series2016-2017, 2022The Crown
80%
Film2020The World to Come
80%
Theater2014, 2016A Streetcar Named Desire
60%
Film2014A Streetcar Named Desire
60%
Film2019Fast & Furious Presents: Hobbs & Shaw
60%
Film2021Italian Studies
60%
Film2016Me Before You
60%
Film2022The Son
60%
Theater2012Three Sisters
60%
Theater2016Uncle Vanya
60%
Film2013About Time
40%
TV Show2013Agatha Christie's Poirot
40%
Theater2010All My Sons
40%
Theater2010A Midsummer Night's Dream
40%
Theater2010As You Like It
40%
Film2015Bone in the Throat
40%
Film2013Charlie Countryman
40%
Documentary Series2021China: Nature's Ancient Kingdom
40%
Theater2013Edward II
40%
Film2015Everest
40%
Film2016Genius
40%
Theater2010Ghosts
40%
TV Mini-Series2011Great Expectations
40%
Short Film2014Insomniacs
40%
Film2015Jupiter Ascending
40%
Film2016Kill Command
40%
TV Mini-Series2012Labyrinth
40%
Film2010Love/Loss
40%
Film2019Mr Jones
40%
Short Film2012Nora
40%
Short Film2014Off the Page: Devil in the Detail
40%
Film2014Queen & Country
40%
Theater2011The Acid Test
40%
FilmTBAThe Brutalist
40%
TV Film2015The Dresser
40%
Short Film2014The Exchange
40%
TV Show2015, 2017The Frankenstein Chronicles
40%
Music Video2007The Heart Never Lies
40%
TV Show2011The Hour
40%
Film2012The Rise
40%
Podcast2020True Spies: Espionage - Investigation - Crime - Murder - Detective - Politics
40%
Theater2011Women Beware Women
40%

Score Distribution

Percentile by Number Answered

Percent of People with Each Score

Your Score History

You have not taken this quiz since the last reset